000 00702nam a2200217 4500
003 OSt
005 20240703075620.0
006 a
008 240703b |||||||| |||| 00| 0 eng d
020 _a9812470514
040 _aDWCL-Main lib.
_cOC
082 _2Second edition
_aRes. 006.3 R967a 2003
100 _aRussell, Stuart J.
245 _aArtificial intelligence : a modern approach /
250 _aSecond edition
260 _aSingapore :
_bPearson Education(Asia) Pte. Ltd.,
_cc2003.
300 _axxviii,
_b1028 p. : ill. ;
_c23 cm.
504 _aIncludes bibliographical references and index.
650 _a1. Artificial intelligence.
942 _2ddc
_n0
_cBK-0 CIRC
_eSecond edition
_kRes.
999 _c1897
_d1897